Statistics for Colors that begin with the letter O

Click here to take the quiz!

General Stats

  • This quiz has been taken 453 times
  • The average score is 4 of 11

Answer Stats

HintAnswer% Correct
Orange
97%
Olive Green
81%
Ochre
56%
Orange Red
47%
Orange Yellow
39%
Orchid
37%
Olivine
12%
Obsidian
10%
Office Green
9%
Octopus
7%
Ooze
2%

Score Distribution

Percentile by Number Answered

Percent of People with Each Score

Your Score History

You have not taken this quiz